Сущность христианства: шестнадцать лекций, читанных студентам всех факультетов, в зимний семестр 1899-1900 г. в Берлинском Университете

書目詳細資料
主要作者: Гарнак А. Адольф фон
其他作者: Л. М. (переводчик)
總結:Русский перевод с издания "Das Wessen des Christentums" (1900). "Сущность христианства" самая популярная работа крупнейшего нем. историка религии А. Гарнака, представляющая собой исчерпывающий обзор основных идей Евангелия и их развития в апостольской церкви и в трех основных направлениях христианства: католицизме, православии и протестантизме.
語言:俄语
出版: Санкт-Петербург, Издание М. В. Пирожкова, 1907
主題:
格式: 圖書
KOHA link:https://koha.lib.tpu.ru/cgi-bin/koha/opac-detail.pl?biblionumber=219857

MARC

LEADER 00000n m0a2200000 4500
001 219857
005 20231101230306.0
035 |a (RuTPU)RU\TPU\book\239956 
090 |a 219857 
100 |a 20120725d1907 k y0rusy50 ca 
101 1 |a rus  |c ger 
102 |a RU 
105 |a y z 000zy 
200 1 |a Сущность христианства  |e шестнадцать лекций, читанных студентам всех факультетов, в зимний семестр 1899-1900 г. в Берлинском Университете  |f А. Гарнак  |g пер. с немецкого Л. М. 
210 |a Санкт-Петербург  |c Издание М. В. Пирожкова  |c Типография Ф. Вайсберга и П. Гершунина  |d 1907 
215 |a VIII, 223 с. 
300 |a Русский перевод с издания "Das Wessen des Christentums" (1900). "Сущность христианства" самая популярная работа крупнейшего нем. историка религии А. Гарнака, представляющая собой исчерпывающий обзор основных идей Евангелия и их развития в апостольской церкви и в трех основных направлениях христианства: католицизме, православии и протестантизме. 
316 |5 63413507: 1//230  |a Комбинированный владельческий переплет серого цвета: тканевый корешок с инициалами "М. С."; крышки переплета покрыты "мраморной" бумагой серого оттенка; узорный обрез. 
317 |5 63413507: 1//230  |a Поступила в ноябре 1923 г. в дар от профессора ТТИ А. П. Малышева в составе коллекции. 
610 1 |a религия 
610 1 |a христианство 
610 1 |a Евангелие 
610 1 |a дары библиотеке 
610 1 |a коллекция А. П. Малышева 
686 |a Э2  |v LBC/SL-A  |2 rubbk 
700 1 |a Гарнак  |b А.  |c немецкий протестантский теолог  |c историк  |c профессор Берлинского Университета (с 1888)  |c директор Прусской Королевской библиотеки (1905-1921)  |f 1851-1930  |g Адольф фон  |2 stltpush  |3 (RuTPU)RU\TPU\pers\29769  |9 14246 
702 1 |a Л. М.  |4 730 
801 1 |a RU  |b 63413507  |c 20120725 
801 2 |a RU  |b 63413507  |c 20170310  |g RCR 
942 |c BK